U.S. City Nicknames Map Quiz - Statistics

General Stats
  • This quiz has been taken 37 times
  • The average score is 13 of 34
Answers on the Map
Answers color-coded by a green-red scale on the quiz's map according to % correct below.
 
Answer Stats
Answer % Correct
City of Angels
81%
Sin City
73%
Music City
69%
The Big Apple
62%
The Motor City
62%
Beantown
58%
The Steel City
58%
The Big Easy
54%
The Windy City
54%
Big D
50%
Space City
50%
The Emerald City
50%
The Mile-High City
50%
Valley of the Sun
50%
The Twin Cities *
46%
The Federal City
42%
Home of the Blues
38%
The A
38%
Brew City
35%
The Big O
31%
Quaker City
27%
The Pittsburgh of the South
27%
Chuco Town
23%
Rip City
23%
Fog City
19%
The Hornet's Nest
19%
The Queen City
19%
Rome of the West
15%
America's Finest City
12%
Circle City
12%
City of Trees
8%
The Magic City
8%
The Big Guava
4%
The Forest City
4%
No matching quizzes found
Score Distribution
Percent of People with Each Score
Percentile by Number Answered
Your Score History
You have not taken this quiz